[Event "Russian Team Championship: Women's League"]
[Site "Dagomys RUS"]
[Date "2009.04.09"]
[EventDate "2009.04.02"]
[Round "7"]
[Result "1-0"]
[White "Ekaterina Kovalevskaya"]
[Black "Antoaneta Stefanova"]
[WhiteElo "2450"]
[BlackElo "2549"]
[PlyCount "49"]

1. c4 c5 2. Nf3 Nf6 3. Nc3 d5 4. cxd5 Nxd5 5. e4 Nb4 6. Bb5+
N8c6 7. d3 a6 8. Bxc6+ Nxc6 9. Be3 e6 10. O-O Be7 11. Na4 b6
12. d4 cxd4 13. Nxd4 Ne5 14. Qh5 Bf6 15. Rfd1 g6 16. Qe2 Qc7
17. Rac1 Qb7 18. Nxb6 Qxb6 19. Nf5 Qa5 20. Nd6+ Kf8 21. f4 Kg7
22. fxe5 Qxe5 23. Bh6+ Kg8 24. Nxc8 g5 25. Qd2 1-0

[Event "24th ICT Acropolis"]
[Site "Chalkida GRE"]
[Date "2009.08.10"]
[EventDate "?"]
[Round "1"]
[Result "0-1"]
[White "Epaminondas Kourousis"]
[Black "Antoaneta Stefanova"]
[WhiteElo "2237"]
[BlackElo "2535"]
[PlyCount "42"]

1. d4 d5 2. c4 c6 3. Nf3 Nf6 4. Nbd2 Bf5 5. Nh4 Be4 6. f3 Bg6
7. e3 e6 8. Nxg6 hxg6 9. Qb3 Qc7 10. f4 Nh5 11. Rg1 Nf6
12. Nf3 c5 13. cxd5 exd5 14. dxc5 Bxc5 15. Bd2 O-O 16. Rc1 Qe7
17. Ne5 Nc6 18. Nxc6 bxc6 19. Kd1 Rab8 20. Qc3 Ne4 21. Qc2
Rfe8 0-1

[Event "Inventi Chess Tournament"]
[Site "Antwerp BEL"]
[Date "2009.09.18"]
[EventDate "2009.09.18"]
[Round "1"]
[Result "0-1"]
[White "Jan Timman"]
[Black "Antoaneta Stefanova"]
[WhiteElo "2588"]
[BlackElo "2527"]
[PlyCount "80"]

1. e4 e5 2. Nf3 Nc6 3. Bb5 a6 4. Bxc6 dxc6 5. O-O Qf6 6. d4
exd4 7. Bg5 Qd6 8. Nxd4 Be7 9. Be3 Qg6 10. Nc3 Nf6 11. f3 Bd7
12. Qe2 O-O-O 13. Nb3 Bd6 14. Bc5 Bf4 15. Qf2 b6 16. Ne2 Nh5
17. Be3 Bd6 18. Rad1 c5 19. g4 Bb5 20. Kh1 Nf6 21. Nd2 Be5
22. c4 Bc6 23. Nf4 Bxf4 24. Bxf4 Nxg4 25. Qe1 Nf6 26. Rg1 Qh5
27. Qg3 Ne8 28. Rde1 h6 29. a3 g5 30. Be5 Rf8 31. Bc3 Rd3
32. Rgf1 f5 33. exf5 Rxf5 34. Kg1 Nd6 35. Re5 Rxe5 36. Qxe5
Bxf3 37. Qe6+ Kb8 38. Rf2 Bc6 39. Be5 Qd1+ 40. Nf1 Kb7 0-1

[Event "Inventi Chess Tournament"]
[Site "Antwerp BEL"]
[Date "2009.09.19"]
[EventDate "2009.09.18"]
[Round "2"]
[Result "1/2-1/2"]
[White "Antoaneta Stefanova"]
[Black "Bartosz Socko"]
[WhiteElo "2527"]
[BlackElo "2637"]
[PlyCount "113"]

1. d4 e6 2. c4 Nf6 3. Nf3 d5 4. Nc3 c5 5. cxd5 Nxd5 6. e4 Nxc3
7. bxc3 cxd4 8. cxd4 Bb4+ 9. Bd2 Bxd2+ 10. Qxd2 O-O 11. Rc1 b6
12. Bd3 Bb7 13. O-O Nd7 14. Qf4 Nf6 15. h3 h6 16. Rc3 Rc8
17. Ra3 a6 18. Rb3 Nd7 19. Rfb1 Qc7 20. Ne5 f6 21. Ng6 Qxf4
22. Nxf4 Kf7 23. d5 exd5 24. exd5 g5 25. Bg6+ Kg7 26. Bf5 gxf4
27. Bxd7 Bxd5 28. Rxb6 Bxa2 29. Bxc8 Bxb1 30. Bxa6 Bf5 31. Kh2
Re8 32. Rb7+ Kg6 33. Bc4 Be6 34. Bb5 Rd8 35. Re7 Kf5 36. Be2
Ba2 37. h4 Bb3 38. Bh5 Be6 39. f3 Ke5 40. Rh7 Bf5 41. Rxh6 Rg8
42. Bf7 Rg7 43. Bb3 Rb7 44. Ba4 Rh7 45. Rxh7 Bxh7 46. Be8 f5
47. Bf7 Kf6 48. Bc4 Bg6 49. Kg1 Be8 50. Kf2 Bc6 51. Ke1 Kg6
52. Kf2 Kh5 53. g3 fxg3+ 54. Kxg3 f4+ 55. Kxf4 Kxh4 56. Bd3
Bxf3 57. Kxf3 1/2-1/2

[Event "Inventi Chess Tournament"]
[Site "Antwerp BEL"]
[Date "2009.09.20"]
[EventDate "2009.09.18"]
[Round "3"]
[Result "1/2-1/2"]
[White "Bart Michiels"]
[Black "Antoaneta Stefanova"]
[WhiteElo "2462"]
[BlackElo "2527"]
[PlyCount "121"]

1. e4 e5 2. Nf3 Nc6 3. Nc3 Nf6 4. Bb5 Bd6 5. O-O O-O 6. d3 Ne7
7. Nxe5 Bxe5 8. d4 d6 9. dxe5 dxe5 10. Be3 c6 11. Bc4 Qc7
12. f3 Ng6 13. Qd2 Nf4 14. Rfd1 Be6 15. Bf1 Rfd8 16. Qf2 b6
17. a4 Rxd1 18. Rxd1 Ng6 19. Qd2 Ne8 20. a5 Nf8 21. Na4 Rb8
22. b4 Nd7 23. Qc3 Nd6 24. Qd2 Ne8 25. a6 Kf8 26. Nb2 Rc8
27. Nc4 Nb8 28. Qf2 Nd7 29. Qd2 Nb8 30. c3 Nd7 31. h3 f6
32. f4 Ke7 33. fxe5 Nxe5 34. Nxe5 Qxe5 35. Bf4 Qxe4 36. Bd3
Qd5 37. Bxh7 Qxd2 38. Rxd2 Kf7 39. Be4 Ke7 40. Bf3 Bc4 41. Kf2
g5 42. Bh2 f5 43. Be5 Ke6 44. Bg3 Bxa6 45. Ra2 Bc4 46. Rxa7
Nd6 47. Bxd6 Kxd6 48. Rb7 b5 49. Ke3 c5 50. bxc5+ Kxc5 51. Re7
f4+ 52. Ke4 Kd6 53. Rg7 Bd5+ 54. Kd4 Rc4+ 55. Kd3 Bxf3
56. gxf3 Rc5 57. Rg6+ Ke7 58. Kd4 Rc4+ 59. Kd3 Rc5 60. Kd4
Rc4+ 61. Kd3 1/2-1/2

[Event "Inventi Chess Tournament"]
[Site "Antwerp BEL"]
[Date "2009.09.21"]
[EventDate "2009.09.18"]
[Round "4"]
[Result "0-1"]
[White "Antoaneta Stefanova"]
[Black "Gabriel Sargissian"]
[WhiteElo "2527"]
[BlackElo "2668"]
[PlyCount "142"]

1. d4 d5 2. c4 c6 3. cxd5 cxd5 4. Nc3 Nf6 5. Bf4 Nc6 6. e3 Bf5
7. Qb3 Na5 8. Bb5+ Bd7 9. Qa4 Nc6 10. Qd1 e6 11. Nf3 Be7
12. h3 O-O 13. O-O Qb6 14. Qe2 Rac8 15. Bd3 Rfd8 16. Rac1 Be8
17. Rfd1 a6 18. Bb1 Na5 19. Ne5 Nc4 20. Nxc4 Rxc4 21. Bg5 Rdc8
22. Rd2 Qd8 23. Bd3 R4c7 24. Rdc2 h6 25. Bf4 Rc6 26. a3 Bf8
27. Nb1 Rxc2 28. Rxc2 Bb5 29. Bxb5 axb5 30. Nc3 Qd7 31. Be5
Ne8 32. e4 dxe4 33. Qxe4 b4 34. axb4 Bxb4 35. Ne2 Rxc2
36. Qxc2 Be7 37. Qc4 Nf6 38. Nc3 Nd5 39. Nxd5 exd5 40. Qc3 b5
41. b3 f6 42. Bf4 Kf7 43. Qd3 Bf8 44. h4 Qg4 45. g3 g5
46. hxg5 hxg5 47. Bb8 Qd7 48. Qc2 Qe6 49. Ba7 Qe1+ 50. Kg2
Qe4+ 51. Qxe4 dxe4 52. g4 Ke6 53. Kf1 f5 54. gxf5+ Kxf5
55. Ke2 g4 56. Bb8 Ke6 57. Ke3 Kd5 58. Be5 Bh6+ 59. Ke2 Bg5
60. Bg7 Ke6 61. Be5 Bh6 62. Kf1 e3 63. Ke2 exf2 64. Kxf2 Kf5
65. Kg3 Bd2 66. Bc7 Be1+ 67. Kg2 Ke4 68. Bb6 Bh4 69. Ba7 Bf6
70. d5 Kxd5 71. Kg3 Bd4 0-1

[Event "Inventi Chess Tournament"]
[Site "Antwerp BEL"]
[Date "2009.09.24"]
[EventDate "2009.09.18"]
[Round "7"]
[Result "1/2-1/2"]
[White "Etienne Bacrot"]
[Black "Antoaneta Stefanova"]
[WhiteElo "2709"]
[BlackElo "2527"]
[PlyCount "106"]

1. e4 e5 2. Nf3 Nc6 3. Nc3 Nf6 4. Bb5 Bd6 5. d3 O-O 6. a3 a6
7. Ba4 b5 8. Bb3 Bc5 9. Bg5 h6 10. Bh4 Be7 11. g4 Nd4 12. Nxd4
exd4 13. Ne2 c5 14. Bxf6 Bxf6 15. Bd5 Rb8 16. O-O d6 17. Ng3
Be6 18. f4 Qd7 19. Nf5 c4 20. Qf3 Rbc8 21. Rf2 Rc5 22. Raf1
cxd3 23. cxd3 Rfc8 24. Rg2 Rc1 25. h3 Rxf1+ 26. Qxf1 Rc5
27. Qd1 Qc7 28. Kh2 Bxd5 29. exd5 Rc1 30. Qd2 Rf1 31. Rf2
Rxf2+ 32. Qxf2 Qc5 33. Qg2 Qc1 34. Qf2 Qc5 35. Qf3 Qc2+
36. Kg3 Qxb2 37. h4 Qxa3 38. g5 hxg5 39. hxg5 Bd8 40. Qe4 Kf8
41. Qxd4 f6 42. Qe3 fxg5 43. fxg5 Qc5 44. Qe6 Qg1+ 45. Kh3
Qxg5 46. Qxd6+ Kg8 47. Qd7 Bf6 48. Qe6+ Kh7 49. d6 Qf4 50. Ne7
Qf3+ 51. Kh2 Qf2+ 52. Kh3 Qf3+ 53. Kh2 Qf2+ 1/2-1/2

[Event "Inventi Chess Tournament"]
[Site "Antwerp BEL"]
[Date "2009.09.26"]
[EventDate "2009.09.18"]
[Round "9"]
[Result "1-0"]
[White "Emil Sutovsky"]
[Black "Antoaneta Stefanova"]
[WhiteElo "2676"]
[BlackElo "2527"]
[PlyCount "69"]

1. e4 e5 2. Nf3 Nc6 3. Bb5 a6 4. Ba4 Nf6 5. O-O b5 6. Bb3 Bc5
7. c3 d6 8. a4 Bg4 9. axb5 axb5 10. Rxa8 Qxa8 11. h3 Bh5
12. d3 Na5 13. Bc2 b4 14. Ba4+ c6 15. g4 Bg6 16. Qe1 Qa6
17. d4 exd4 18. e5 dxe5 19. Qxe5+ Be7 20. Qb8+ Bd8 21. Re1+
Ne4 22. Qe5+ Kd7 23. Qxd4+ Kc8 24. Rxe4 Bb6 25. Qxg7 Rd8
26. Re1 Qa7 27. Nd4 bxc3 28. bxc3 Bxb1 29. Bg5 Bxd4 30. cxd4
Qxd4 31. Qxf7 Bg6 32. Qe6+ Rd7 33. Bxc6 Nxc6 34. Qxc6+ Kb8
35. Bf4+ 1-0

[Event "European Club Cup (Women)"]
[Site "Ohrid MKD"]
[Date "2009.10.05"]
[EventDate "2009.10.04"]
[Round "2"]
[Result "1/2-1/2"]
[White "Antoaneta Stefanova"]
[Black "Olga Iljushina"]
[WhiteElo "2527"]
[BlackElo "2364"]
[PlyCount "53"]

1. d4 Nf6 2. c4 e6 3. Nf3 Bb4+ 4. Nbd2 b6 5. g3 Bb7 6. Bg2 O-O
7. O-O d5 8. cxd5 exd5 9. Ne5 Nbd7 10. Nd3 Bd6 11. b4 Ne4
12. Qc2 f5 13. Nf3 Qe7 14. Bf4 c6 15. Qb2 Bxf4 16. Nxf4 Nd6
17. a4 Rae8 18. h4 Nc4 19. Qb3 Nf6 20. b5 Ne4 21. Rfd1 Kh8
22. Rac1 Rc8 23. Nd3 Na5 24. Qb2 Nc4 25. Qb3 Na5 26. Qb2 Nc4
27. Qb3 1/2-1/2

[Event "European Club Cup (Women)"]
[Site "Ohrid MKD"]
[Date "2009.10.06"]
[EventDate "2009.10.04"]
[Round "3"]
[Result "1/2-1/2"]
[White "Maia Chiburdanidze"]
[Black "Antoaneta Stefanova"]
[WhiteElo "2506"]
[BlackElo "2527"]
[PlyCount "49"]

1. d4 d5 2. c4 c6 3. Nf3 Nf6 4. e3 Bg4 5. h3 Bxf3 6. Qxf3 e6
7. Bd3 Nbd7 8. cxd5 cxd5 9. O-O Rc8 10. Nc3 Bb4 11. Bd2 O-O
12. a3 Ba5 13. Rfc1 Re8 14. Qd1 Bc7 15. Qb3 Nb6 16. a4 Qe7
17. Nb5 Bb8 18. Bb4 Qd8 19. Ba5 Rc6 20. Rc3 Nfd7 21. Rac1 Rxc3
22. Nxc3 Qc7 23. f4 Rc8 24. Ne2 Qd8 25. Rxc8 1/2-1/2

[Event "European Club Cup (Women)"]
[Site "Ohrid MKD"]
[Date "2009.10.08"]
[EventDate "2009.10.04"]
[Round "5"]
[Result "1-0"]
[White "Antoaneta Stefanova"]
[Black "Jolanta Zawadzka"]
[WhiteElo "2527"]
[BlackElo "2414"]
[PlyCount "119"]

1. d4 Nf6 2. Nf3 g6 3. Nc3 d5 4. Bf4 Bg7 5. Qd2 O-O 6. Bh6 Re8
7. Bxg7 Kxg7 8. Ne5 c5 9. e3 Nc6 10. Bb5 Qd6 11. O-O Bf5
12. f3 Rec8 13. g4 Be6 14. g5 Nh5 15. f4 Kg8 16. Na4 cxd4
17. exd4 Nd8 18. Bd3 Ng7 19. Nc5 Bf5 20. c3 b6 21. Bxf5 Nxf5
22. Ncd3 Ne6 23. Ng4 Neg7 24. Rae1 Re8 25. Re5 Rad8 26. Nb4 f6
27. Rxd5 Qe6 28. Re1 Qf7 29. Rxd8 Rxd8 30. Nc6 Rd7 31. Qg2 Nh5
32. Qe4 Kg7 33. b3 Qg8 34. c4 Qc8 35. d5 Qc7 36. Rf1 Qd6
37. Ne3 Qc5 38. Re1 b5 39. b4 Qd6 40. Qxf5 gxf5 41. Nxf5+ Kg6
42. Nxd6 exd6 43. cxb5 Nxf4 44. gxf6 Kxf6 45. Rd1 Ne2+ 46. Kf2
Nc3 47. Rd3 Nxb5 48. a4 Nc7 49. Nxa7 Nxd5 50. Rxd5 Rxa7 51. a5
Ke6 52. Rh5 d5 53. a6 Kd6 54. Rh6+ Ke5 55. Ke3 Rf7 56. b5 d4+
57. Ke2 Ke4 58. Rh4+ Kd5 59. b6 Kc6 60. Rh6+ 1-0

[Event "European Club Cup (Women)"]
[Site "Ohrid MKD"]
[Date "2009.10.10"]
[EventDate "2009.10.04"]
[Round "7"]
[Result "1-0"]
[White "Antoaneta Stefanova"]
[Black "Cristina-Adela Foisor"]
[WhiteElo "2527"]
[BlackElo "2433"]
[PlyCount "93"]

1. d4 g6 2. e4 c6 3. Nc3 d5 4. h3 Bg7 5. Nf3 Nh6 6. Bd3 f6
7. exd5 cxd5 8. Ne2 O-O 9. c4 e6 10. O-O Nc6 11. a3 Nf7
12. Qc2 f5 13. cxd5 exd5 14. Be3 Re8 15. Nf4 Be6 16. Rac1 Qb6
17. Qc5 Qd8 18. Qb5 Qd7 19. Rc5 Rad8 20. Qb3 Re7 21. Rfc1 Qd6
22. g3 Bf6 23. h4 Kg7 24. Bb5 Na5 25. Qc3 b6 26. Rc7 Bd7
27. Bf1 Ba4 28. Qb4 Bb3 29. Qxd6 Rxd6 30. Rxe7 Bxe7 31. Rc7
Bf6 32. Ne5 Bxe5 33. dxe5 Rc6 34. Rxa7 Kf8 35. e6 Ne5 36. Kg2
g5 37. hxg5 Ng6 38. Rxh7 Nxf4+ 39. Bxf4 Rxe6 40. Bd3 d4
41. Bxf5 Bd5+ 42. Kh3 Re1 43. g6 Nc6 44. Kg4 Kg8 45. Rd7 Be6
46. Bxe6+ Rxe6 47. Kf5 1-0

[Event "17th European Team Championship (Women)"]
[Site "Novi Sad SRB"]
[Date "2009.10.22"]
[EventDate "2009.10.22"]
[Round "1"]
[Result "1/2-1/2"]
[White "Jovanka Houska"]
[Black "Antoaneta Stefanova"]
[WhiteElo "2381"]
[BlackElo "2527"]
[PlyCount "69"]

1. d4 d5 2. Nf3 c6 3. c4 Nf6 4. e3 Bg4 5. h3 Bxf3 6. Qxf3 e6
7. Bd3 Bb4+ 8. Nc3 Nbd7 9. O-O O-O 10. Bd2 Re8 11. Qd1 Ba5
12. Qb3 Rb8 13. Rfd1 a6 14. a4 Bc7 15. Be1 Nb6 16. e4 dxc4
17. Bxc4 Nxc4 18. Qxc4 a5 19. Bd2 e5 20. dxe5 Bxe5 21. Bf4 Qc7
22. Bxe5 Qxe5 23. f3 Red8 24. Rxd8+ Rxd8 25. Rd1 Rxd1+
26. Nxd1 Qd6 27. Ne3 Nd7 28. Qc3 Qc5 29. Qd2 Nf8 30. Kh1 Ne6
31. Nf5 h5 32. Qd7 Qc1+ 33. Kh2 Qf4+ 34. Kh1 Qc1+ 35. Kh2
1/2-1/2

[Event "17th European Team Championship (Women)"]
[Site "Novi Sad SRB"]
[Date "2009.10.23"]
[EventDate "2009.10.22"]
[Round "2"]
[Result "1/2-1/2"]
[White "Monika (Bobrowska) Socko"]
[Black "Antoaneta Stefanova"]
[WhiteElo "2476"]
[BlackElo "2527"]
[PlyCount "53"]

1. e4 e5 2. Nf3 Nc6 3. Bc4 Bc5 4. c3 Nf6 5. d4 exd4 6. e5 d5
7. Bb5 Ne4 8. cxd4 Bb6 9. Nc3 O-O 10. Be3 Bd7 11. Be2 Be6
12. Qc2 Bf5 13. Qb3 Ne7 14. O-O f6 15. Rad1 c6 16. Na4 Ng6
17. Nxb6 Qxb6 18. Qxb6 axb6 19. a3 Rae8 20. Rfe1 b5 21. exf6
Nxf6 22. h3 Ne4 23. Ra1 Nd6 24. Bd2 Re6 25. Ng5 Ref6 26. Bb4
Nf4 27. Bf1 1/2-1/2

[Event "17th European Team Championship (Women)"]
[Site "Novi Sad SRB"]
[Date "2009.10.24"]
[EventDate "2009.10.22"]
[Round "3"]
[Result "1/2-1/2"]
[White "Antoaneta Stefanova"]
[Black "Marie Sebag"]
[WhiteElo "2527"]
[BlackElo "2519"]
[PlyCount "65"]

1. d4 d5 2. c4 c6 3. Nf3 Nf6 4. Qc2 dxc4 5. Qxc4 Bf5 6. g3 e6
7. Bg2 Nbd7 8. Nc3 Be7 9. Qb3 Qb6 10. Nd2 O-O 11. Nc4 Qa6
12. e4 Bg6 13. Bg5 Rfe8 14. f4 b5 15. Ne5 Nxe5 16. dxe5 b4
17. Na4 Bxe4 18. Bxe4 Nxe4 19. Bxe7 Rxe7 20. Rd1 c5 21. Qc2
Ree8 22. b3 Nc3 23. Nxc3 bxc3 24. Qxc3 Rad8 25. Rd2 h6 26. Kf2
Rd4 27. Rhd1 Red8 28. Rxd4 cxd4 29. Rxd4 Rxd4 30. Qxd4 Qxa2+
31. Kg1 Qb1+ 32. Kg2 Qa2+ 33. Kh3 1/2-1/2

[Event "17th European Team Championship (Women)"]
[Site "Novi Sad SRB"]
[Date "2009.10.26"]
[EventDate "2009.10.22"]
[Round "5"]
[Result "1-0"]
[White "Antoaneta Stefanova"]
[Black "Anna-Christina Kopinits"]
[WhiteElo "2527"]
[BlackElo "2254"]
[PlyCount "95"]

1. d4 d5 2. Bf4 Nf6 3. e3 e6 4. Nf3 Bd6 5. Ne5 Nbd7 6. Bd3 O-O
7. Nd2 b6 8. Qf3 Bb7 9. g4 Qe7 10. O-O-O Rfd8 11. g5 Bxe5
12. dxe5 Ne4 13. Nxe4 dxe4 14. Bxe4 Bxe4 15. Qxe4 Nc5 16. Qc6
a5 17. Rd4 Rac8 18. Rhd1 Na6 19. a3 Nc5 20. h4 Qe8 21. Qf3 Nd7
22. h5 Nf8 23. Bg3 Qe7 24. Bh4 Rxd4 25. Rxd4 Qe8 26. Qb7 Nd7
27. f4 Nf8 28. Kb1 Nd7 29. Qc6 Nb8 30. Qc3 Nd7 31. e4 Nf8
32. Bf2 Qe7 33. Qd2 c5 34. Rd6 Qb7 35. Qd3 b5 36. Ka1 a4
37. Rd8 Rxd8 38. Qxd8 Qd7 39. Qxd7 Nxd7 40. b3 axb3 41. cxb3
Kf8 42. a4 bxa4 43. bxa4 Ke8 44. Kb2 Kd8 45. Kb3 Kc7 46. a5
Kb7 47. Kc4 Ka6 48. Be1 1-0

[Event "17th European Team Championship (Women)"]
[Site "Novi Sad SRB"]
[Date "2009.10.27"]
[EventDate "2009.10.22"]
[Round "6"]
[Result "1-0"]
[White "Antoaneta Stefanova"]
[Black "Jovana Rapport"]
[WhiteElo "2527"]
[BlackElo "2359"]
[PlyCount "68"]

1. d4 e6 2. c4 f5 3. Bf4 Nf6 4. Nf3 Bb4+ 5. Nbd2 b6 6. e3 Bb7
7. h3 d6 8. Qc2 Nbd7 9. O-O-O Bxd2+ 10. Nxd2 Qe7 11. Rg1 Ne4
12. Nb1 e5 13. dxe5 dxe5 14. Bh2 O-O 15. f3 Nec5 16. Nc3 a5
17. Nd5 Bxd5 18. Rxd5 Na6 19. a3 c6 20. Rd1 Nac5 21. g4 f4
22. g5 a4 23. Kb1 Rad8 24. h4 Qe6 25. Re1 Qd6 26. Bh3 fxe3
27. Bg4 Qd2 28. Re2 Qxc2+ 29. Kxc2 Nb3 30. Rxe3 Nd4+ 31. Kc3
c5 32. Rd1 Nc6 33. Rd5 Nd4 34. Rd3 Rfe8 1-0

[Event "17th European Team Championship (Women)"]
[Site "Novi Sad SRB"]
[Date "2009.10.28"]
[EventDate "2009.10.22"]
[Round "7"]
[Result "0-1"]
[White "Valentina Golubenko"]
[Black "Antoaneta Stefanova"]
[WhiteElo "2298"]
[BlackElo "2527"]
[PlyCount "100"]

1. d4 d5 2. Nf3 c6 3. g3 Bf5 4. Bg2 h6 5. c4 e6 6. O-O Nd7
7. cxd5 exd5 8. Qb3 Qb6 9. Qe3+ Ne7 10. Nh4 Bh7 11. Bh3 O-O-O
12. Nc3 g5 13. Nf3 Nf5 14. Qd2 Rg8 15. Bg4 Nf6 16. Bxf5+ Bxf5
17. Ne5 Rg7 18. Na4 Qb5 19. b3 Ne4 20. Qe3 f6 21. Nd3 Re8
22. Qf3 Bg6 23. Qg2 h5 24. f3 Nd6 25. Nac5 Qb6 26. Qf2 Rge7
27. Re1 Qc7 28. Bb2 Kb8 29. Rac1 Ka8 30. Nb4 Qb6 31. a3 Bh6
32. Na4 Qd8 33. Rcd1 g4 34. f4 h4 35. Nc5 Ne4 36. Nxe4 Bxe4
37. gxh4 Rh7 38. Qg3 Reh8 39. Nd3 Bf8 40. Nf2 f5 41. Nxe4 fxe4
42. e3 Be7 43. Re2 Bxh4 44. Qg2 g3 45. Kh1 Qd7 46. Rdd2 Qg4
47. Kg1 Bf6 48. Qf1 Qf3 49. Qg2 gxh2+ 50. Kh1 Rg7 0-1

[Event "17th European Team Championship (Women)"]
[Site "Novi Sad SRB"]
[Date "2009.10.29"]
[EventDate "2009.10.22"]
[Round "8"]
[Result "1/2-1/2"]
[White "Nana Dzagnidze"]
[Black "Antoaneta Stefanova"]
[WhiteElo "2535"]
[BlackElo "2527"]
[PlyCount "80"]

1. c4 c6 2. Nf3 d5 3. d4 Nf6 4. Nc3 a6 5. c5 Nbd7 6. Bf4 Nh5
7. e3 Nxf4 8. exf4 b6 9. b4 g6 10. Be2 Bg7 11. Rc1 O-O 12. O-O
a5 13. b5 Bb7 14. Na4 bxc5 15. bxc6 Bxc6 16. Nxc5 Nxc5
17. Rxc5 Qd6 18. Ne5 Bd7 19. Qd2 a4 20. Rfc1 Rfb8 21. Bf3 e6
22. g4 Be8 23. h4 a3 24. Qe3 Qd8 25. h5 Rb2 26. f5 gxf5
27. gxf5 Qh4 28. R1c2 Rab8 29. Rc8 Rxc8 30. Rxc8 Rb1+ 31. Rc1
Rxc1+ 32. Qxc1 Qxd4 33. Qc8 Qxe5 34. Qxe8+ Bf8 35. fxe6 Qxe6
36. Qd8 d4 37. Qxd4 Qxa2 38. Qg4+ Kh8 39. Qd4+ Kg8 40. Qg4+
Kh8 1/2-1/2

[Event "Gibraltar"]
[Site "Catalan Bay GIB"]
[Date "2010.01.26"]
[EventDate "2010.01.26"]
[Round "1"]
[Result "1-0"]
[White "Antoaneta Stefanova"]
[Black "Marc Overeem"]
[WhiteElo "2545"]
[BlackElo "2245"]
[PlyCount "51"]

1. d4 Nf6 2. c4 e6 3. g3 d5 4. Bg2 dxc4 5. Nf3 a6 6. O-O b5
7. Ne5 Nd5 8. a4 Bb7 9. e4 Nf6 10. axb5 axb5 11. Rxa8 Bxa8
12. Nc3 c6 13. d5 Be7 14. dxe6 fxe6 15. Qxd8+ Bxd8 16. Bf4 Bb6
17. Nxc4 bxc4 18. Bxb8 Ke7 19. Bf4 Bd4 20. Ra1 e5 21. Bd2 Rd8
22. Be1 Kf7 23. Bf1 Kg6 24. Nd1 Bb7 25. Ba5 Ra8 26. Ra3 1-0

[Event "Gibraltar"]
[Site "Catalan Bay GIB"]
[Date "2010.01.27"]
[EventDate "2010.01.26"]
[Round "2"]
[Result "0-1"]
[White "Evgeny Degtiarev"]
[Black "Antoaneta Stefanova"]
[WhiteElo "2374"]
[BlackElo "2545"]
[PlyCount "68"]

1. d4 d6 2. c4 e5 3. Nf3 e4 4. Ng5 f5 5. Nc3 Be7 6. Nh3 c6
7. e3 Nf6 8. Bd2 Na6 9. Qc2 Nc7 10. O-O-O d5 11. f3 O-O
12. Be2 Kh8 13. fxe4 fxe4 14. Nf2 Nfe8 15. Ng4 Nd6 16. c5 Nf5
17. Rdf1 Bg5 18. Nd1 Ne6 19. Kb1 Kg8 20. Qc3 b6 21. cxb6 Qxb6
22. Ne5 c5 23. dxc5 Qc7 24. Ng4 Nxc5 25. h4 Be7 26. Be1 h5
27. Nh2 Bd6 28. Bxh5 Ba6 29. Ng4 Bd3+ 30. Ka1 Bxf1 31. Rxf1
Nd3 32. Qxc7 Bxc7 33. Nc3 Ne7 34. Rh1 Rf5 0-1

[Event "Gibraltar"]
[Site "Catalan Bay GIB"]
[Date "2010.01.28"]
[EventDate "2010.01.26"]
[Round "3"]
[Result "1/2-1/2"]
[White "Antoaneta Stefanova"]
[Black "Francisco Vallejo Pons"]
[WhiteElo "2545"]
[BlackElo "2705"]
[PlyCount "82"]

1. d4 g6 2. e4 Bg7 3. Nc3 d6 4. f4 Nf6 5. Nf3 Nc6 6. d5 Nb8
7. Be2 c6 8. Be3 O-O 9. O-O b5 10. a3 a6 11. Nd4 Bb7 12. Bf3
Qc7 13. Re1 c5 14. Nb3 Nbd7 15. a4 b4 16. Ne2 Rfe8 17. Nd2 e6
18. Nc4 exd5 19. exd5 Nb6 20. Nxb6 Qxb6 21. Qd2 Ne4 22. Qd3 c4
23. Qxe4 Qxe3+ 24. Qxe3 Rxe3 25. Kf2 Rae8 26. c3 Kf8 27. Rac1
bxc3 28. bxc3 Bc8 29. Red1 Bd7 30. a5 Rd3 31. Nd4 Ba4 32. Rxd3
cxd3 33. Ra1 Bxd4+ 34. cxd4 Bc2 35. Ra2 Rb8 36. Ke3 Rb4
37. Ra3 Rc4 38. Ra2 Rb4 39. Ra3 Rc4 40. Ra2 h6 41. Rb2 Ra4
1/2-1/2

[Event "Gibraltar"]
[Site "Catalan Bay GIB"]
[Date "2010.01.29"]
[EventDate "2010.01.26"]
[Round "4"]
[Result "1-0"]
[White "Etienne Bacrot"]
[Black "Antoaneta Stefanova"]
[WhiteElo "2713"]
[BlackElo "2545"]
[PlyCount "181"]

1. e4 e5 2. Nf3 Nc6 3. Bb5 a6 4. Ba4 Nf6 5. O-O Be7 6. Re1 b5
7. Bb3 O-O 8. h3 d6 9. c3 Bb7 10. d4 Re8 11. Nbd2 Bf8 12. a3
h6 13. Bc2 Nb8 14. b4 Nbd7 15. Bb2 g6 16. Qb1 Nb6 17. Bb3 Nh5
18. dxe5 dxe5 19. c4 bxc4 20. Nxc4 Nxc4 21. Bxc4 Qf6 22. Qc1
Nf4 23. Qe3 Bd6 24. Bf1 Bc8 25. Nd2 h5 26. Nc4 Bf8 27. Kh2 h4
28. Rad1 Rb8 29. Qf3 Bg7 30. Bc1 Ne6 31. Qxf6 Bxf6 32. Bb2 Nf8
33. f4 Nd7 34. fxe5 Bg7 35. Rd5 Nb6 36. Ra5 Bb7 37. Nd2 Bh6
38. Nf3 Bf4+ 39. Kh1 Bg3 40. Rc1 Rbd8 41. Bxa6 Bxe4 42. Be2
Bd3 43. Bxd3 Rxd3 44. Bd4 Rd8 45. Bg1 Nd5 46. Rac5 Nf4
47. Rxc7 Ne2 48. Rb1 Rd1 49. Rxd1 Rxd1 50. Rc2 Nxg1 51. Nxg1
Ra1 52. Rd2 Kg7 53. b5 Bxe5 54. b6 Rxa3 55. Re2 Kf6 56. Nf3
Bg3 57. Rb2 Ra1+ 58. Ng1 Ke7 59. b7 Bb8 60. g4 Ra3 61. Kg2
Rg3+ 62. Kf1 f5 63. gxf5 gxf5 64. Rf2 f4 65. Rf3 Rg7 66. Rb3
Kd6 67. Nf3 Kd5 68. Nxh4 Kc6 69. Nf3 Kd5 70. h4 Kc4 71. Nd2+
Kd5 72. Kf2 Kc6 73. Nc4 Rh7 74. Na5+ Kd7 75. Rc3 Bc7 76. Rd3+
Ke6 77. Rc3 Kd7 78. Rd3+ Ke6 79. Rh3 Rh8 80. Rc3 Kd7 81. Rd3+
Ke6 82. Nc6 Rxh4 83. Nd4+ Kf6 84. Rc3 Bb8 85. Rc6+ Ke5 86. Rc8
Rh2+ 87. Kg1 Rb2 88. Rxb8 Kd6 89. Ne6 Kc6 90. Nd8+ Kd7 91. Ra8
1-0

[Event "Gibraltar"]
[Site "Catalan Bay GIB"]
[Date "2010.01.30"]
[EventDate "2010.01.26"]
[Round "5"]
[Result "1-0"]
[White "Antoaneta Stefanova"]
[Black "Iva Videnova"]
[WhiteElo "2545"]
[BlackElo "2301"]
[PlyCount "79"]

1. d4 Nf6 2. c4 e6 3. g3 d5 4. Bg2 Be7 5. Nf3 O-O 6. O-O dxc4
7. Qc2 a6 8. a4 Bd7 9. Qxc4 Bc6 10. Bf4 a5 11. Nc3 Na6
12. Rac1 Rc8 13. Rfe1 Bb4 14. Bg5 Qe8 15. Bxf6 gxf6 16. Nh4
Bxg2 17. Nxg2 Qd7 18. Red1 c6 19. e4 b5 20. axb5 Bxc3 21. Qxc3
Nb4 22. Qf3 cxb5 23. Rxc8 Qxc8 24. Qxf6 Qc2 25. Qg5+ Kh8
26. Re1 Nd3 27. Qf6+ Kg8 28. Ne3 Qd2 29. Rf1 Qe2 30. Qg5+ Kh8
31. Qxb5 Rc8 32. Qd7 Rc1 33. Qxf7 Rxf1+ 34. Nxf1 h5 35. d5 Ne1
36. Ne3 Nf3+ 37. Kg2 Ne1+ 38. Kh3 exd5 39. exd5 Nd3 40. Kh4
1-0

[Event "Gibraltar"]
[Site "Catalan Bay GIB"]
[Date "2010.02.01"]
[EventDate "2010.01.26"]
[Round "7"]
[Result "0-1"]
[White "Antoaneta Stefanova"]
[Black "Gata Kamsky"]
[WhiteElo "2545"]
[BlackElo "2693"]
[PlyCount "76"]

1. d4 Nf6 2. c4 e6 3. g3 d5 4. Bg2 g6 5. Nf3 Bg7 6. Qc2 O-O
7. Bf4 Nc6 8. O-O dxc4 9. Qxc4 Nd5 10. Bg5 Qd6 11. Rd1 h6
12. Bc1 Rd8 13. Nc3 g5 14. e3 Qb4 15. Qe2 Bd7 16. h4 gxh4
17. Nxh4 Nxc3 18. bxc3 Qxc3 19. Rb1 Na5 20. Qh5 Qc2 21. Rb2
Qa4 22. e4 Be8 23. Bf4 Nc6 24. Rbd2 f5 25. Qe2 Nxd4 26. Qe3 e5
27. Bxe5 Bxe5 28. exf5 Bg7 29. Be4 Rd6 30. f6 Bxf6 31. Qxh6
Qd7 32. Kg2 Qg7 33. Qe3 Rad8 34. Rh1 Bg5 35. f4 Bxf4 36. Qxf4
Ne6 37. Bh7+ Qxh7 38. Qg4+ Qg7 0-1

[Event "Gibraltar"]
[Site "Catalan Bay GIB"]
[Date "2010.02.02"]
[EventDate "2010.01.26"]
[Round "8"]
[Result "0-1"]
[White "Anna Zatonskih"]
[Black "Antoaneta Stefanova"]
[WhiteElo "2466"]
[BlackElo "2545"]
[PlyCount "52"]

1. d4 Nf6 2. c4 g6 3. g3 c6 4. Bg2 d5 5. cxd5 cxd5 6. Nc3 Bg7
7. Nh3 Bf5 8. f3 h5 9. Nf2 Nc6 10. h3 Qc7 11. f4 Qb6 12. e3
Nb4 13. O-O Rc8 14. Qa4+ Rc6 15. a3 Nc2 16. Ra2 O-O 17. Bd2
Rfc8 18. Qb5 Qxb5 19. Nxb5 Re6 20. g4 hxg4 21. hxg4 Bxg4
22. Nxg4 Nxg4 23. Bxd5 Rxe3 24. Bxe3 Ngxe3 25. Rc1 Nxd5
26. Nxa7 Bxd4+ 0-1